[Event "45th FIDE Chess Olympiad Open"]
[Site "Budapest, Hungary"]
[Date "2024.09.11"]
[Round "1.214"]
[White "Mohamed, Hassan"]
[Black "Galego, Luis"]
[Result "0-1"]
[WhiteElo "1880"]
[BlackElo "2444"]
[PlyCount "100"]
[EventDate "2024.??.??"]
[WhiteTeam "Maldives"]
[BlackTeam "Portugal"]
[WhiteTeamCountry "MDV"]
[BlackTeamCountry "POR"]
[WhiteClock "0:25:35"]
[BlackClock "0:35:55"]

1. d4 Nf6 2. Nf3 d6 3. g3 Nbd7 4. Bg2 e5 5. dxe5 dxe5 6. O-O Bc5 7. Nc3 O-O ({RR} 7... h6 8. a4 a5 9. Nd2 O-O 10. b3 c6 11. Bb2 Qc7 12. e3 Re8 13. Qe2 Bf8 14. h3 Nc5 15. Rad1 Bd7 16. g4 Rad8 17. Nce4 Nfxe4 18. Nxe4 Nxe4 19. Bxe4 Be6 20. c4 Be7 21. Bb1 Rxd1 22. Rxd1 {Herbrig,A (2277)-Leck,G (1960) Schwaebisch Gmuend GER 2024 1-0 (64)}) 8. Na4 ({RR} 8. Nd2 Nb6 9. Nde4 Be7 10. b3 Nxe4 11. Nxe4 Be6 12. Bb2 f5 13. Nc3 c6 14. Qxd8 Raxd8 15. Rfd1 e4 16. Rxd8 Rxd8 17. Rd1 Nd5 18. a3 Kf7 19. Nb1 a5 20. c4 Nc7 21. Rxd8 Bxd8 22. Nd2 Na6 {Andersson,U (2545)-Kavalek,L (2570) Washington DC 1978 ½-½ (42)}) 8... Bd6 9. c4 Qe7 10. b3 $146 ({RR} 10. Nc3 c6 11. Qc2 a5 12. b3 Nc5 13. h3 Ne8 14. Rd1 f5 15. e3 e4 16. Nd4 Nd3 17. f4 exf3 18. Qxd3 fxg2 19. Kxg2 h5 20. h4 g5 21. hxg5 Qxg5 22. Nce2 Qg4 23. Rh1 Nf6 24. Rh4 Qg5 {De Souza Haro,P (2273)-Souza Neves,A (2166) Brasilia 2000 1-0}) 10... Re8 11. e3 e4 12. Nd4 Ne5 13. h3 a6 14. Nc3 c5 15. Nde2 Nf3+ 16. Kh1 Be5 17. Qc2 Bf5 18. Nf4 Bxf4 19. exf4 Qe6 20. h4 Bh3 21. Nd1 Qg4 22. Ne3 Bxg2+ 23. Kxg2 Nxh4+ 24. Kh2 Nf3+ 25. Kg2 Qe6 26. f5 Qc6 27. Rd1 Rad8 28. Bb2 Nd4 29. Qc3 h5 30. Rh1 Qc8 31. Rad1 Nxf5 32. Nd5 Nxd5 33. cxd5 e3 34. Rxh5 f6 35. Rdh1 exf2 36. Qf3 Ne3+ 37. Kxf2 Qg4 38. Qxg4 Nxg4+ 39. Kf3 Nh6 40. g4 Nf7 41. Rd1 Ng5+ 42. Kf2 Re4 43. Kg3 Re3+ 44. Kf2 Rde8 45. Rd2 Nh3+ 46. Rxh3 Rxh3 47. Kg2 Ree3 48. g5 Rd3 49. Rc2 Rhg3+ 50. Kf2 Rxg5 0-1

[Event "45th FIDE Chess Olympiad Open"]
[Site "Budapest, Hungary"]
[Date "2024.09.11"]
[Round "1.215"]
[White "Pereira, Ruben"]
[Black "Abdul Rahman, Ali"]
[Result "1-0"]
[WhiteElo "2457"]
[BlackElo "1844"]
[PlyCount "95"]
[EventDate "2024.??.??"]
[WhiteTeam "Portugal"]
[BlackTeam "Maldives"]
[WhiteTeamCountry "POR"]
[BlackTeamCountry "MDV"]
[WhiteClock "0:08:34"]
[BlackClock "0:54:53"]

1. e4 e6 2. d4 d5 3. Nc3 Bb4 4. exd5 exd5 5. Bd3 Nf6 6. Nge2 O-O 7. O-O Re8 8. Ng3 ({RR} 8. Bf4 c6 9. Ng3 Nbd7 10. Re1 Nf8 11. Rxe8 Nxe8 12. Qf3 Bd6 13. Re1 Bxf4 14. Qxf4 Be6 15. Nd1 Qa5 16. Nc3 Nf6 17. h3 Re8 18. Qd2 Qb6 19. Na4 Qc7 20. Nc5 Bc8 21. Bf5 Bxf5 22. Nxf5 Rxe1+ {Martinez Alcantara,J (2620)-Nepomniachtchi,I (2784) Chess.com INT 2020 ½-½}) 8... Bg4 ({RR} 8... c6 9. h3 Nbd7 10. Qf3 Bf8 11. Nf5 b5 12. Bg5 a5 13. Ne2 h6 14. Bf4 Ne4 15. Bxe4 dxe4 16. Qg3 Kh7 17. Bd6 Qf6 18. Bxf8 Rxf8 19. Nd6 Ba6 20. Nxe4 Qe7 21. Qd3 f5 22. N4g3 b4 23. Qf3 {Kriti,M (1691)-Shivamshika G (1846) Gandhinagar IND 2024 ½-½ (33)}) 9. f3 Be6 10. Nce2 c6 $146 ({RR} 10... Bf8 11. Bg5 h6 12. Bf4 c5 13. c3 Qb6 14. Qd2 Nc6 15. Be3 Rad8 16. Rae1 Bc8 17. Bb1 Rxe3 18. Qxe3 Qxb2 19. dxc5 Qa3 20. Kh1 Bxc5 21. Qd3 g6 22. Nf4 Bf8 23. Nge2 Qd6 24. Qd2 Ne5 25. Nd3 {Danin,A (2579)-Demidov,M (2497) Czech Republic 2015 ½-½ (47)}) 11. Nf4 Nbd7 12. c3 Bd6 13. Nxe6 fxe6 14. f4 Qc7 15. Be3 a6 16. Nh5 b5 17. Nxf6+ Nxf6 18. Qf3 Qf7 19. h3 Nd7 20. Rae1 Nf8 21. Re2 Re7 22. Bd2 Rae8 23. Ref2 Rc7 24. a4 Ra7 25. Qg4 Nd7 26. Qh4 Nf8 27. Rf3 Kh8 28. Qf2 Rc7 29. Be3 Nd7 30. axb5 axb5 31. Ra1 Rb7 32. Ra6 Nb8 33. Qh4 g6 34. Ra1 Be7 35. Qf2 Bf6 36. h4 Qe7 37. Rh3 Rf8 38. h5 g5 39. fxg5 Bg7 40. Rf3 Rxf3 41. Qxf3 Qf7 42. h6 Bf8 43. Bf4 Kg8 44. Ra8 Nd7 45. Qg4 Nb6 46. g6 hxg6 47. Bxg6 Qe7 48. Bf5+ 1-0

[Event "45th FIDE Chess Olympiad Open"]
[Site "Budapest, Hungary"]
[Date "2024.09.11"]
[Round "1.216"]
[White "Ibrahim Imran Saeed"]
[Black "Barria Santos, Jose Guilherme"]
[Result "0-1"]
[WhiteElo "1697"]
[BlackElo "2411"]
[PlyCount "62"]
[EventDate "2024.??.??"]
[WhiteTeam "Maldives"]
[BlackTeam "Portugal"]
[WhiteTeamCountry "MDV"]
[BlackTeamCountry "POR"]
[WhiteClock "0:02:08"]
[BlackClock "0:38:11"]

1. e4 c5 2. Nf3 d6 3. d4 cxd4 4. Nxd4 Nf6 5. Nc3 a6 6. Bd3 e6 7. O-O Be7 8. a4 b6 9. Be3 ({RR} 9. Qf3 Bb7 10. Qg3 O-O 11. Bh6 Ne8 12. Nf3 Nd7 13. Rad1 Qc7 14. Bg5 Bxg5 15. Qxg5 Nef6 16. Rfe1 Ne5 17. Nxe5 dxe5 18. Qe3 Rfd8 19. Bf1 h6 20. f3 Rac8 21. Rxd8+ Rxd8 22. Rd1 Rxd1 {½-½ (22) Rodriguez Vila,A (2480)-Mareco,S (2651) Montevideo 2019}) ({RR} 9. Qe2 Bb7 10. f4 O-O 11. Kh1 Nbd7 12. Nb3 Qc7 13. Bd2 Nc5 14. Nxc5 dxc5 15. e5 Nd5 16. f5 Nxc3 17. Bxc3 exf5 18. Rxf5 Bc8 19. e6 Bxe6 20. Rh5 h6 21. Qe4 {1-0 (21) Bernadskiy,V (2573)-Badica,A (1708) Bucharest ROU 2024}) 9... Bb7 10. Qe2 Nbd7 11. f4 Nc5 $146 ({RR} 11... O-O 12. Nb3 Qc7 13. Rae1 Nc5 14. Nxc5 bxc5 15. Bd2 Nd7 16. Rf3 Rfe8 17. Rh3 g6 18. f5 Bf6 19. fxg6 fxg6 20. Nd1 Ne5 21. Ne3 d5 22. Ng4 Nxg4 23. Qxg4 c4 24. e5 Bxe5 25. Bxg6 hxg6 26. Rxe5 {Isomov,U (1949)-Miciano,J (2354) Penang 2018 1-0 (35)}) 12. Bf2 O-O 13. f5 e5 14. Nf3 Qc7 15. b4 Nxd3 16. Qxd3 Rac8 17. Ra3 d5 18. Nxd5 Bxd5 19. exd5 e4 20. Qxa6 exf3 21. Rxf3 Bxb4 22. Qb5 Bc5 23. Qb3 Ne4 24. Bxc5 Qxc5+ 25. Qe3 Nd2 26. Qxc5 Rxc5 27. Rd3 Nxf1 28. Kxf1 Rxc2 29. d6 Rd8 30. h3 Rc6 31. Re3 Rcxd6 0-1

[Event "45th FIDE Chess Olympiad Open"]
[Site "Budapest, Hungary"]
[Date "2024.09.11"]
[Round "1.217"]
[White "Khan, Taffin"]
[Black "Krstulovic, Alex"]
[Result "0-1"]
[WhiteElo "2066"]
[BlackElo "2452"]
[PlyCount "96"]
[EventDate "2024.??.??"]
[WhiteTeam "Guyana"]
[BlackTeam "Hungary C"]
[WhiteTeamCountry "GUY"]
[WhiteClock "0:26:00"]
[BlackClock "1:38:44"]

1. Nf3 d5 2. g3 Nf6 3. Bg2 c6 4. d4 Bf5 5. Nbd2 e6 6. O-O Nbd7 7. c4 Bd6 8. Qb3 ({RR} 8. b3 Qe7 9. Bb2 h5 10. h3 h4 11. g4 Bxg4 12. hxg4 h3 13. Bh1 Nxg4 14. Re1 h2+ 15. Kf1 f5 16. e3 O-O-O 17. c5 Bc7 18. b4 Ndf6 19. Qb3 Ne4 20. Re2 Rh7 21. b5 Rdh8 22. bxc6 bxc6 {Johansen,D (2485)-Murshed,N (2505) Dubai 1992 ½-½ (38)}) 8... Qb6 ({RR} 8... Rb8 9. a4 O-O 10. a5 Ne4 11. Nxe4 Bxe4 12. Rd1 c5 13. Be3 cxd4 14. Bxd4 Bc5 15. Ne5 Bxd4 16. Nxd7 Qxd7 17. Bxe4 dxe4 18. e3 e5 19. c5 Rfd8 20. Qc2 Qc6 21. exd4 exd4 22. b4 d3 23. Qc4 {Freile Martin,J (2329)-Begunov,K (2325) chess.com INT 2024 0-1 (61)}) 9. c5 Qxb3 10. axb3 $146 ({RR} 10. Nxb3 Bc7 11. Bf4 O-O-O 12. h3 Rhe8 13. Rfc1 e5 14. dxe5 Nxe5 15. Bxe5 Bxe5 16. Nxe5 Rxe5 17. Nd4 Bd7 18. b4 Rde8 19. e3 Ne4 20. Rc2 g5 21. a4 f5 22. b5 f4 23. exf4 gxf4 24. gxf4 Rh5 {Ilincic,Z (2532)-Beaumont,C (2318) Kallithea 2002 1-0 (39)}) 10... Bc7 11. Nh4 Bc2 12. f4 O-O 13. Rf3 h6 14. Rc3 Bh7 15. Nhf3 b6 16. b4 a5 17. Rca3 Rac8 18. cxb6 axb4 19. b7 Rb8 20. Ra8 Rxb7 21. Ne5 Nxe5 22. fxe5 Nd7 23. e4 Bb6 24. Rxf8+ Kxf8 25. Ra8+ Ke7 26. Nb3 Nxe5 27. Bd2 Nd3 28. Bf1 Bxe4 29. Bxd3 Bxd3 30. Bxb4+ Kf6 31. Nc5 Bxc5 32. Bxc5 Rxb2 33. Ra3 Be4 34. h4 g5 35. hxg5+ hxg5 36. Bd6 Kf5 37. Ra7 f6 38. Rf7 Kg6 39. Re7 Rd2 40. Rxe6 Rxd4 41. Kf2 Rd2+ 42. Ke3 Rd3+ 43. Ke2 Kf5 44. Re7 Rc3 45. Kd2 Rc2+ 46. Kd1 Rg2 47. Re8 d4 48. Ke1 d3 0-1

[Event "45th FIDE Chess Olympiad Open"]
[Site "Budapest, Hungary"]
[Date "2024.09.11"]
[Round "1.218"]
[White "Juhasz, Agoston"]
[Black "Drayton, Anthony"]
[Result "1-0"]
[WhiteElo "2427"]
[BlackElo "1964"]
[PlyCount "83"]
[EventDate "2024.??.??"]
[WhiteTeam "Hungary C"]
[BlackTeam "Guyana"]
[BlackTeamCountry "GUY"]
[WhiteClock "0:19:14"]
[BlackClock "0:29:11"]

1. e4 c5 2. Nf3 Nc6 3. Bb5 a6 4. Bxc6 bxc6 5. O-O d5 6. d3 Bg4 7. h3 Bh5 ({RR} 7... Bxf3 8. Qxf3 e6 9. Nc3 Ne7 10. exd5 cxd5 11. Re1 Ra7 12. Qh5 g6 13. Qe5 Rg8 14. Bg5 Bg7 15. Qf4 Qc7 16. Qf3 Qc6 17. Bf6 Kf8 18. g4 Rb7 19. b3 g5 20. Ne2 Ng6 21. Ng3 Nf4 22. Nh5 {Tate,A (2331)-McKay,R (2357) Glasgow 2016 ½-½ (36)}) 8. c4 ({RR} 8. Qe1 Bxf3 9. gxf3 e6 10. f4 Nf6 11. e5 Nd7 12. Kh2 g6 13. Nd2 Bg7 14. Nf3 O-O 15. Bd2 Qe7 16. b3 f6 17. exf6 Qxf6 18. Qe2 Rae8 19. Rae1 Bh6 20. Ne5 Bxf4+ 21. Bxf4 Qxf4+ 22. Kg2 Nxe5 {Jarocka,L (2228)-Sharshenbekov,E (2026) chess.com INT 2024 0-1 (35)}) 8... e6 $146 ({RR} 8... d4 9. Qa4 Qb6 10. Ne5 Rc8 11. g4 Bg6 12. f4 f6 13. Nxg6 hxg6 14. Kg2 e6 15. Nd2 Bd6 16. e5 Bb8 17. Nf3 Ne7 18. Bd2 Bc7 19. b4 cxb4 20. Bxb4 Kf7 21. Qa3 Bd8 22. Bc5 Qc7 23. Nxd4 {Detko,J (2120)-Sabik,R Slovakia 1999 1-0 (41)}) 9. exd5 cxd5 10. cxd5 Bxf3 11. Qxf3 Qxd5 12. Qxd5 exd5 13. Nc3 Ne7 14. b3 f6 15. Ba3 Rc8 16. Rac1 c4 17. Bxe7 Bxe7 18. Nxd5 Ba3 19. Rce1+ Kf7 20. dxc4 Rhe8 21. g4 a5 22. Kg2 a4 23. Rxe8 Rxe8 24. Kf3 h5 25. Rb1 hxg4+ 26. hxg4 axb3 27. axb3 Rh8 28. b4 Rh3+ 29. Ke2 Ke8 30. b5 Kd8 31. b6 Kc8 32. b7+ Kb8 33. Nc7 Bd6 34. Na6+ Ka7 35. b8=Q+ Bxb8 36. Nxb8 Rc3 37. Rb4 g6 38. Kd2 Rf3 39. c5 Rxf2+ 40. Ke3 Rc2 41. Nc6+ Ka6 42. Rb6# 1-0

[Event "45th FIDE Chess Olympiad Open"]
[Site "Budapest, Hungary"]
[Date "2024.09.11"]
[Round "1.219"]
[White "Nathoo, Loris"]
[Black "Karacsonyi, Gellert"]
[Result "0-1"]
[WhiteElo "1788"]
[BlackElo "2403"]
[PlyCount "86"]
[EventDate "2024.??.??"]
[WhiteTeam "Guyana"]
[BlackTeam "Hungary C"]
[WhiteTeamCountry "GUY"]
[WhiteClock "0:29:40"]
[BlackClock "0:55:33"]

1. d4 d5 2. Nf3 Nf6 3. Bf4 Bf5 4. e3 e6 5. Nbd2 Bd6 6. Ne5 Nbd7 7. Ndf3 ({RR} 7. Bd3 O-O 8. O-O Be7 9. Bxf5 exf5 10. c4 dxc4 11. Ndxc4 Nd5 12. Bg3 N7f6 13. Qb3 Rb8 14. h3 Qc8 15. f3 f4 16. Bxf4 Nxf4 17. exf4 Nd5 18. Rfe1 Nxf4 19. Re4 Nd5 20. Ne3 c6 21. Nxd5 cxd5 {Korobov,A (2664)-Wang,H (2711) Abu Dhabi 2018 1-0 (35)}) 7... O-O 8. Bd3 Bxd3 ({RR} 8... Ne4 9. O-O h6 10. c4 dxc4 11. Bxc4 Qe7 12. Nxd7 Qxd7 13. Ne5 Qe7 14. f3 Nf6 15. e4 Bh7 16. Qb3 c5 17. dxc5 Bxe5 {0-1 (17) Michelakos,P (2280)-Timofeev,A (2574) Chess.com INT 2022}) 9. cxd3 $146 ({RR} 9. Qxd3 Ne4 10. Nxd7 Qxd7 11. Ne5 Qe7 12. f3 Nf6 13. O-O-O c5 14. dxc5 Bxc5 15. Bg5 h6 16. h4 Rfd8 17. Ng4 h5 18. Nxf6+ gxf6 19. Bh6 f5 20. e4 dxe4 21. Qc3 f6 22. fxe4 fxe4 23. Rhf1 e5 {Segovia Sanchez,A (2116)-Zubia Aramburu,M (2009) San Sebastian 2003 1-0 (56)}) ({RR} 9. Nxd3 Ne4 10. Nde5 f6 11. Nxd7 Qxd7 12. Bxd6 {½-½ (12) Wulff,J (1734)-Kuehne,H (1639) Mecklenburg VP 2012}) 9... Bb4+ 10. Kf1 c6 11. h3 a5 12. Qb3 Qb6 13. a3 Be7 14. Qc2 a4 15. g4 Nxe5 16. Nxe5 Rfc8 17. Qd2 Ra5 18. Kg2 Rb5 19. Rhb1 Rb3 20. Bh2 Qb5 21. Ra2 Bxa3 22. g5 Ne8 23. Qe2 Bd6 24. Rba1 Ra8 25. Rd1 Qb4 26. h4 Bxe5 27. Bxe5 Nd6 28. h5 Nf5 29. h6 Qe7 30. Rg1 Qxg5+ 31. Kf1 Qxh6 32. Qc2 Ra6 33. e4 f6 34. exf5 fxe5 35. fxe6 Qxe6 36. dxe5 Qxe5 37. Rg3 Qh5 38. Kg2 Rb4 39. Rxg7+ Kxg7 40. Qc3+ d4 41. Qxb4 Qd5+ 42. Kg1 c5 43. Qc4 Qf3 0-1

[Event "45th FIDE Chess Olympiad Open"]
[Site "Budapest, Hungary"]
[Date "2024.09.11"]
[Round "1.220"]
[White "Vanczak, Tamas"]
[Black "Sandiford, Keron"]
[Result "1-0"]
[WhiteElo "2401"]
[BlackElo "1755"]
[PlyCount "59"]
[EventDate "2024.??.??"]
[WhiteTeam "Hungary C"]
[BlackTeam "Guyana"]
[BlackTeamCountry "GUY"]
[WhiteClock "0:23:58"]
[BlackClock "0:09:54"]

1. e4 c6 2. d4 d5 3. e5 c5 4. Nf3 Bg4 5. dxc5 e6 6. b4 ({RR} 6. Be3 Nd7 7. Bb5 Ne7 8. h3 Bxf3 9. Qxf3 Nc6 10. Qg3 Qc7 11. O-O Bxc5 12. Bxc5 Nxc5 13. Qe3 Nd7 14. f4 a6 15. Bd3 Nb4 16. Nd2 Qc5 17. Qxc5 Nxc5 18. Be2 Nxc2 19. Rac1 Nd4 20. Rxc5 Nxe2+ {Pichot,A (2644)-Predke,A (2668) chess.com INT 2024 0-1 (59)}) 6... a5 7. c3 Nd7 8. Bb5 Qc7 $146 ({RR} 8... Ne7 9. Nbd2 Nc6 10. h3 Bxf3 11. Nxf3 axb4 12. Bxc6 bxc6 13. cxb4 Qb8 14. a3 Nxe5 15. O-O Nxf3+ 16. Qxf3 Be7 17. Bb2 Kf8 18. Rfe1 Qc8 19. Re3 h5 20. Qg3 Rh7 21. Rae1 Qd8 22. Rf3 Bf6 23. Bxf6 {De Boer,E (2395)-Albers,S (2269) Karlsruhe GER 2024 ½-½ (74)}) 9. O-O axb4 10. cxb4 Ne7 11. Bb2 Nc6 12. a3 g6 13. Nbd2 Bg7 14. Qb3 Bxf3 15. Nxf3 Ndxe5 16. Nxe5 Bxe5 17. Bxe5 Qxe5 18. Rfe1 Qg5 19. Bxc6+ bxc6 20. b5 Qe7 21. Qc3 O-O 22. a4 cxb5 23. axb5 Qb7 24. Qb4 Rab8 25. Ra5 Rfc8 26. Qd4 Ra8 27. c6 Qc7 28. Rxa8 Rxa8 29. Rc1 Rb8 30. b6 1-0

[Event "45th FIDE Chess Olympiad Open"]
[Site "Budapest, Hungary"]
[Date "2024.09.11"]
[Round "1.221"]
[White "Keinanen, Toivo"]
[Black "Mahamat Hachim Bachar"]
[Result "1-0"]
[WhiteElo "2554"]
[BlackElo "1872"]
[PlyCount "95"]
[EventDate "2024.??.??"]
[WhiteTeam "Finland"]
[BlackTeam "Chad"]
[WhiteTeamCountry "FIN"]
[BlackTeamCountry "CHD"]
[WhiteClock "0:14:39"]
[BlackClock "0:41:54"]

1. Nf3 e6 2. g3 d5 3. Bg2 Nf6 4. O-O Bc5 ({RR} 4... b5 5. c3 Be7 6. Qb3 c6 7. a4 bxa4 8. Qxa4 O-O 9. d3 c5 10. Be3 Bd7 11. Qa3 Qb6 12. Ne5 Nc6 13. Nxd7 Nxd7 14. Nd2 Rab8 15. Rfb1 a5 16. Qa4 Rfc8 17. Ra3 Qb5 18. Qxb5 Rxb5 19. c4 {Drasko,M (2491)-Vybornov,S (2466) Dos Hermanas 2004 1-0 (51)}) 5. c4 c6 6. d4 ({RR} 6. a3 O-O 7. b4 Be7 8. Bb2 a5 9. cxd5 cxd5 10. b5 a4 11. Nc3 Bd7 12. Ne5 Be8 13. d3 Nbd7 14. Nxd7 Bxd7 15. Rb1 Qa5 16. h4 Bxa3 17. Bxa3 Qxc3 18. Bxf8 Kxf8 19. Qc1 Rc8 20. Qf4 Qa5 {Biastoch,B (2274)-Villabrille,R (2140) chess.com INT 2023 1-0 (49)}) 6... Be7 7. Qc2 $146 ({RR} 7. Nc3 O-O 8. cxd5 exd5 9. a3 Bf5 10. Nh4 Bg6 11. Nxg6 fxg6 12. e4 Qd7 13. e5 Ne8 14. f4 Bd8 15. h3 Nc7 16. Be3 Ne6 17. b4 Qe7 18. g4 Nd7 19. Na4 Nb6 20. Nxb6 Bxb6 21. Qd2 h6 {Schoenfisch,N (1784)-Lu,S (1507) Hamburg 2018 ½-½ (35)}) 7... O-O 8. Nbd2 Re8 9. e4 dxe4 10. Nxe4 Nbd7 11. Rd1 Nxe4 12. Qxe4 Nf6 13. Qe2 h6 14. Bf4 Bd6 15. Ne5 Rb8 16. Rac1 Bc7 17. Rc2 g5 18. Be3 Nd7 19. f4 f6 20. Qh5 fxe5 21. Qg6+ Kh8 22. Qxh6+ Kg8 23. fxe5 Re7 24. Bxg5 Qf8 25. Qxf8+ Kxf8 26. Bxe7+ Kxe7 27. c5 b6 28. b4 Ba6 29. Bxc6 bxc5 30. bxc5 Bb5 31. Bxb5 Rxb5 32. h4 Rb8 33. Kg2 Rg8 34. Rb2 Nf8 35. Rb7 Kd8 36. Rxa7 Kc8 37. Ra8+ Bb8 38. Rb1 Nd7 39. c6 Nb6 40. Rxb6 Kc7 41. Rb3 Rg4 42. Raxb8 Rxd4 43. R8b4 Rd2+ 44. Kh3 Rxa2 45. Rc4 Re2 46. Rb7+ Kc8 47. Rg7 Ra2 48. h5 1-0

[Event "45th FIDE Chess Olympiad Open"]
[Site "Budapest, Hungary"]
[Date "2024.09.11"]
[Round "1.222"]
[White "Abdelaziz Bokhit, Badjoiri"]
[Black "Sipila, Vilka"]
[Result "0-1"]
[WhiteElo "1778"]
[BlackElo "2462"]
[PlyCount "70"]
[EventDate "2024.??.??"]
[WhiteTeam "Chad"]
[BlackTeam "Finland"]
[WhiteTeamCountry "CHD"]
[BlackTeamCountry "FIN"]
[WhiteClock "0:02:23"]
[BlackClock "1:16:46"]

1. d4 Nf6 2. Nc3 d5 3. f3 c5 4. e4 dxe4 5. fxe4 cxd4 6. e5 dxc3 7. Qxd8+ Kxd8 8. exf6 exf6 $146 ({RR} 8... cxb2 9. Bxb2 exf6 10. Bc4 Be6 11. Rd1+ Kc7 12. Bb5 a6 13. Bd3 Nc6 14. Nf3 Bc5 15. a3 Rhe8 16. Kd2 h6 17. Rhe1 Rad8 18. Re4 Bd5 19. Bd4 Nxd4 20. Nxd4 Bxe4 21. Bxe4 Rxe4 22. c3 Bxd4 23. cxd4 {De Leon,G-Bharadwaj,N (1811) Chess.com INT 2021 0-1}) 9. bxc3 Bd6 10. Bb5 Bd7 11. Bc4 Re8+ 12. Kf1 Be6 13. Bb3 Nd7 14. Nf3 Rc8 15. Bb2 Nb6 16. Rd1 Ke7 17. Nd4 Nc4 18. Bc1 Red8 19. Kf2 Ne5 20. Bb2 a6 21. Rhe1 g6 22. h3 h5 23. Re4 Bc4 24. Bxc4 Rxc4 25. Rde1 Kd7 26. Kf1 Ra4 27. Ra1 Ba3 28. Rb1 Nc4 29. Bc1 Bxc1 30. Rxb7+ Kd6 31. Nb3 Ne3+ 32. Rxe3 Bxe3 33. Rxf7 Rxa2 34. Rxf6+ Ke5 35. Rf3 Bb6 0-1

[Event "45th FIDE Chess Olympiad Open"]
[Site "Budapest, Hungary"]
[Date "2024.09.11"]
[Round "1.223"]
[White "Lahdelma, Henri"]
[Black "Adam, Jamal"]
[Result "1-0"]
[WhiteElo "2331"]
[BlackElo "2013"]
[PlyCount "137"]
[EventDate "2024.??.??"]
[WhiteTeam "Finland"]
[BlackTeam "Chad"]
[WhiteTeamCountry "FIN"]
[BlackTeamCountry "CHD"]
[WhiteClock "0:05:18"]
[BlackClock "0:05:33"]

1. d4 Nf6 2. c4 e6 3. Nc3 d5 4. cxd5 exd5 5. Bg5 Nbd7 6. e3 c6 7. Bd3 Be7 8. Nge2 h6 9. Bh4 O-O 10. O-O Ne4 11. Bxe7 Qxe7 12. Qc2 ({RR} 12. Bxe4 dxe4 13. Qc2 Nf6 14. Ng3 Re8 15. Na4 h5 16. Qc5 Qxc5 17. Nxc5 b6 18. Nb3 Be6 19. Nd2 Bd5 20. Rfc1 g6 21. h4 Rac8 22. b4 b5 23. a4 bxa4 24. Rxa4 Rb8 25. Ne2 Re7 26. Nc4 Reb7 {Jenidarchiche,D (1845)-Kassab,A Sao Paulo BRA 2024 1-0 (44)}) 12... Ndf6 13. Rae1 Bd7 14. f3 $146 ({RR} 14. Nf4 Rfe8 15. Nd1 g5 16. Ne2 c5 17. dxc5 Rac8 18. Ndc3 Qxc5 19. Rd1 Nxf2 20. Rxf2 Ng4 21. Bh7+ Kh8 22. Rd4 Nxf2 23. Kxf2 Qe7 24. Qd3 Bc6 25. Bf5 Rcd8 26. h4 Qe5 27. hxg5 hxg5 28. Rg4 f6 {Pitschka,C (2158)-Stahr,R (2137) Magdeburg 2020 1-0 (76)}) ({RR} 14. Na4 Rfe8 15. f3 Nd6 16. Ng3 b6 17. e4 dxe4 18. fxe4 Nb5 19. Bxb5 cxb5 20. Nc3 Rac8 21. Qd2 b4 22. Nd1 Bb5 23. Rf4 Qc7 24. Rxf6 gxf6 25. Nh5 Qc1 26. Nxf6+ Kg7 27. Nxe8+ Bxe8 28. Qxc1 Rxc1 {Bentivegna,F (2287)-Valotta,M (1889) Cutro 2007 1-0 (52)}) 14... Nxc3 15. Nxc3 Rad8 16. Na4 b6 17. Re2 c5 18. dxc5 Bxa4 19. Qxa4 Qxc5 20. Qb5 Rc8 21. Qxc5 Rxc5 22. Rd2 Re8 23. Kf2 Kf8 24. Rfd1 Rec8 25. Ke2 Rc1 26. h4 Rxd1 27. Rxd1 h5 28. Kd2 Ke7 29. Bc2 Rc5 30. Bb3 Kd6 31. Kd3 Ke5 32. Rf1 Rc7 33. Rg1 Nd7 34. Kd2 Nf6 35. Rh1 a5 36. Rh3 Rc5 37. Rg3 g6 38. Rg5+ Kd6 39. e4 a4 40. Bxa4 dxe4 41. Rxc5 Kxc5 42. Ke3 exf3 43. gxf3 Nd5+ 44. Ke4 f6 45. f4 Ne7 46. Bd7 Kd6 47. Be8 Ke6 48. a4 Kd6 49. b4 Kc7 50. Bf7 Kd6 51. Kd3 Nf5 52. Bxg6 Nxh4 53. Bxh5 Nf5 54. Bf7 Ne7 55. Kc4 Nc6 56. Be8 Ne7 57. a5 bxa5 58. bxa5 Nd5 59. a6 Nxf4 60. a7 Nd5 61. Kb5 f5 62. Bh5 Kd7 63. Ka6 Nc7+ 64. Kb7 Kd6 65. Bf3 Kd7 66. Bg2 Kd6 67. Bc6 f4 68. Bg2 Kd7 69. Bf3 1-0

[Event "45th FIDE Chess Olympiad Open"]
[Site "Budapest, Hungary"]
[Date "2024.09.11"]
[Round "1.224"]
[White "Hassaballa Ahmed Hassaballa"]
[Black "Wartiovaara, Oliver"]
[Result "0-1"]
[WhiteElo "1902"]
[BlackElo "2300"]
[PlyCount "80"]
[EventDate "2024.??.??"]
[WhiteTeam "Chad"]
[BlackTeam "Finland"]
[WhiteTeamCountry "CHD"]
[BlackTeamCountry "FIN"]
[WhiteClock "0:22:20"]
[BlackClock "1:04:41"]

1. d4 d5 2. Bf4 c5 3. e3 Nc6 4. c3 Nf6 5. Nf3 Qb6 6. Qb3 c4 7. Qxb6 axb6 8. Nbd2 b5 9. a3 b4 10. Ne5 ({RR} 10. cxb4 Nxb4 11. Rc1 Nc6 12. Ne5 e6 13. Be2 Bd7 14. O-O b5 15. Nxc6 Bxc6 16. Nb1 Kd7 17. Nc3 Bd6 18. Bxd6 Kxd6 19. Na2 Nd7 20. f4 Nb8 21. f5 Bd7 22. fxe6 Bxe6 23. Nb4 Na6 24. Nxa6 Rxa6 {Ali,S (2376)-Van Wely,L (2654) Rabat 2014 0-1 (69)}) ({RR} 10. Be2 bxc3 11. bxc3 Bf5 12. O-O e6 13. a4 Be7 14. Ne5 Na5 15. Ra2 O-O 16. Rfa1 Ra6 17. h3 h6 18. f3 Rfa8 19. Rb2 b6 20. e4 Bh7 21. Kf2 Nh5 22. Be3 Bh4+ 23. Kg1 Bg3 24. Ng4 Nf4 {Paunescu,A (1603)-Wang,Y (1734) Prague CZE 2024 ½-½ (37)}) 10... bxc3 11. bxc3 Nxe5 $146 ({RR} 11... Bf5 12. Be2 e6 13. Nxc6 bxc6 14. a4 Ne4 15. Nxe4 Bxe4 16. f3 Bc2 17. a5 Kd7 18. Kd2 Bb3 19. Bd1 Bxd1 20. Rhxd1 Bd6 21. Bxd6 Kxd6 22. Ra2 Rhb8 23. Rda1 Ra6 24. Kc2 Rb5 25. Kd2 c5 26. f4 {Damotte,Q (1821)-Deschamps,Q (1683) Saint Quentin 2015 ½-½ (51)}) 12. Bxe5 e6 13. a4 b5 14. Bxf6 gxf6 15. Be2 b4 16. Nb1 f5 17. Kd2 b3 18. g3 Bd6 19. Kc1 Ke7 20. Nd2 Bd7 21. a5 Rhb8 22. Kb2 Rb5 23. Nxc4 dxc4 24. Bxc4 Rbxa5 25. Rxa5 Rxa5 26. Bxb3 Ba3+ 27. Kc2 Bc6 28. Ra1 Be4+ 29. Kd2 Bb4 30. Rf1 Ra3 31. cxb4 Rxb3 32. f3 Bd5 33. Rf2 Rb2+ 34. Ke1 Rxb4 35. h3 Rb3 36. Kd2 Bc4 37. g4 Rd3+ 38. Kc2 fxg4 39. hxg4 Rxe3 40. g5 Re2+ 0-1

[Event "45th FIDE Chess Olympiad Open"]
[Site "Budapest, Hungary"]
[Date "2024.09.11"]
[Round "1.225"]
[White "Stratonowitsch, Andre"]
[Black "Maksimovic, Bojan"]
[Result "1/2-1/2"]
[WhiteElo "2154"]
[BlackElo "2503"]
[PlyCount "80"]
[EventDate "2024.??.??"]
[WhiteTeam "Seychelles"]
[BlackTeam "Bosnia & Herzegovina"]
[WhiteTeamCountry "SEY"]
[BlackTeamCountry "BIH"]
[WhiteClock "0:02:16"]
[BlackClock "0:04:14"]

1. e4 c5 2. Nf3 e6 3. d4 cxd4 4. Nxd4 a6 5. c4 Nf6 6. Nc3 Qc7 7. Qd3 Nc6 8. Nxc6 dxc6 9. Be2 e5 ({RR} 9... Bc5 10. O-O O-O 11. Bg5 e5 12. Qg3 Kh8 13. Rad1 Be6 14. a3 a5 15. Be3 Bxe3 16. Qxe3 Rfd8 17. Na4 Rxd1 18. Rxd1 Rd8 19. Rxd8+ Qxd8 20. f3 Nh5 21. g3 Bh3 22. Qc5 Nf6 23. Qxe5 b5 24. cxb5 {Kezic,A (1954)-Tozaki,H (1839) Bregenz AUT 2024 1-0 (54)}) 10. O-O Be6 11. Be3 Rd8 $146 ({RR} 11... Be7 12. Qc2 O-O 13. c5 Ng4 14. Bxg4 Bxg4 15. Na4 Rad8 16. Nb6 Kh8 17. b4 Bh4 18. a3 Qe7 19. Nc4 Qc7 20. f3 Be6 21. Nd6 Be7 22. Rad1 Rd7 23. f4 f6 24. Qc3 Rfd8 25. fxe5 fxe5 26. Qxe5 {Dang,A (1891)-Zhao,E (2072) Weifang 2019 1-0 (37)}) 12. Qc2 Be7 13. Na4 Nd7 14. c5 O-O 15. Rad1 Rfe8 16. Rd2 Nf8 17. Rfd1 Rxd2 18. Rxd2 Rd8 19. Nb6 Rxd2 20. Bxd2 Qd8 21. b4 a5 22. a3 axb4 23. axb4 Nd7 24. Nc4 Qa8 25. Na5 Bd8 26. Nc4 Qa1+ 27. Qc1 Qa2 28. h3 Bc7 29. Ne3 b6 30. cxb6 Bxb6 31. Bc4 Bxc4 32. Nxc4 Bd4 33. Be3 h6 34. Nd6 Bxe3 35. fxe3 Qb3 36. Qxc6 Qxe3+ 37. Kh2 Qf4+ 38. Kg1 Qe3+ 39. Kh2 Qf4+ 40. Kg1 Qe3+ 1/2-1/2